03249nam a2200529Ia 45000010005000000080041000050100009000460410014000550820034000692450129001032600018002323000007002505200007002576300026002646300017002906500027003076900014003347000030003487000038003787000036004169010083004529020006005359030038005419040018005799050025005979060006006229070014006289080014006429090051006569100015007079110010007229120014007329130009007469140028007559150019007839160009008029170009008119180014008209190018008345201808008529210007026609220007026679230006026749240014026809420010026949990015027042256241029s9999 xx 000 0 und d a2117 aEspañol aST MA â€" ES 0001 FH 2006 0aFactores que inciden en las transferencias de Carrera de los Estudiantes de la UASD, Sede Central en los Semestres 2006-2007 aSanto Domingo a53 a29 aElección de Carrera aMotivación aElección de Estudios aElaborado easesoraAcosta, Francisco eautoraHernández Cabral, Lucia eautoraMontaño, Ana Virginia a{"1":"Hernández Cabral","2":"Montaño"}b{"1":" Lucia","2":" Ana Virginia"} a1 a{"1":"Acosta"}b{"1":"Francisco"} aMaestría en aEducación Superior a2 aNO APLICA aNO APLICA aUniversidad Autónoma de Santo Domingo (UASD) aNULLbNULL a["1"] aNO APLICA aNULL a06 de Noviembre de 2006 a17/07/15 02:07 aNULL aNULL aNO APLICA a["318","143"] aEl objetivo general de esta investigación consistió en determinar los factores que inciden en la transferencia de carrera en la Universidad Autónoma de Santo Domingo (Sede Central), en los semestres 2006-2007.La investigación fue de tipo exploratoria y descriptiva. La técnica de recolección utilizada fue el cuestionario. La población estuvo compuesta por los 1,859 alumnos que hicieron transferencia en la Sede Central de la UASD en los semestres 1 y 2 del 2006-2007. Se tomó como muestra 116 del 1er. Semestre y 124 del 2do. Semestre.Dentro de los hallazgos más importantes están que donde se hizo el mayor número de transferencias fue en la Facultad de Humanidades en los semestres 2006-2007. Se comprobó la falta de motivación y capacidad para desempeñarse en la carrera seleccionada en primera instancia, donde se refiere al factor económico, demostrando que el mismo no es determinante para el estudiante que hizo transferencias, ya que estos contestaron que disponían de recursos para estudiar la carrera que seleccionaron en un primer momento; entonces, se puede concluir que la hipótesis de que el cambio de carrera de los estudiantes es influenciado por los factores económicos, no fue comprobada.Se recomienda: que la Universidad y el Departamento de Orientación, implementen una campaña de concienciación a los estudiantes para disminuir esta problemática mediante métodos, técnicas o dinámicas para motivar, concienciar y retener las prácticas de transición de una carrera a otra. Otra recomendación importante es que a todos los estudiantes que ingresan a la Universidad Autónoma de Santo Domingo, se les aplique una prueba vocacional y se les den recomendaciones necesarias para una adecuada selección de carrera o profesión. a16 a16 a0 aNO APLICA cTesis c2117d2117